000 00451 a2200205 4500
260 _aCotonou
100 _aFABOYER, Carmelle L. D.
260 _bENEAM
300 _b54 p
245 _aAnalyse critique de la force de vente : cas de l'UBA-VIE
650 _aGESTION COMMERCIALE
650 _aACTION COMMERCIALE
650 _aMARKETING
260 _c2007
130 _lFr
500 _a1 ex
040 _aENEAM
999 _c9822
_d9822